| 000 | 00596cam a2200229 a 4500 | ||
|---|---|---|---|
| 001 | 1995531 | ||
| 005 | 20180129070649.0 | ||
| 008 | 900207s1990 gaua b 000 0 eng c | ||
| 010 | _a 90000199 | ||
| 020 | _a0944235050 | ||
| 040 |
_aDNLM/DLC _cDLC _dDLC |
||
| 041 | _aeng | ||
| 060 | _aWU 280 O621 | ||
| 080 | _a616.99431 SIL | ||
| 082 | 0 | 0 |
_a616.99431 SIL _220 |
| 100 | _a6 | ||
| 101 | _aKAN | ||
| 245 | 0 | 0 |
_aOral cancer / _c[edited by] Sol Silverman, Jr. |
| 504 | _aIncludes bibliographical references. | ||
| 906 |
_a7 _bcbc _corignew _d1 _eocip _f19 _gy-gencatlg |
||
| 942 |
_2ddc _cBK |
||
| 999 |
_c41152 _d41152 |
||